Načítá se...
Beedi Workers in Kerala: Conditions of Life and Work
The conditions of the workers in the beedi industry all over the country are deplorable and reports in this journal have highlighted the miserable lot of beedi workers in specific areas of Maharashtra, Karna-taka and West Bengal. This paper attempts a quantitative analysis of the economic conditions...
| Hlavní autor: | |
|---|---|
| Médium: | Printed Book |
| Vydáno: |
ECONOMIC AND POLITICAL WEEKLY
1980
|
| On-line přístup: | http://10.26.1.76/ks/003909.pdf |
| LEADER | 011010000a22001330004500 | ||
|---|---|---|---|
| 100 | |a M Mohandas | ||
| 245 | |a Beedi Workers in Kerala: Conditions of Life and Work | ||
| 260 | |c 1980 | ||
| 260 | |b ECONOMIC AND POLITICAL WEEKLY | ||
| 520 | |a The conditions of the workers in the beedi industry all over the country are deplorable and reports in this journal have highlighted the miserable lot of beedi workers in specific areas of Maharashtra, Karna-taka and West Bengal. This paper attempts a quantitative analysis of the economic conditions of beedi workers in Kerala. It considers various aspects like load of work, wage and non-wage benefits, savings and indebtedness and the occupational hazards of beedi workers. The paper also touches upon the impact of existing labour legislation covering this category of workers, and the tendency of the industry in Kerala to move into states where legislation governing beedi labour is considered favourable | ||
| 856 | |u http://10.26.1.76/ks/003909.pdf | ||
| 942 | |c KS | ||
| 999 | |c 73297 |d 73297 | ||
| 952 | |0 0 |1 0 |4 0 |7 0 |9 65261 |a MGUL |b MGUL |d 2015-08-01 |l 0 |r 2015-08-01 |w 2015-08-01 |y KS | ||